| 000 | 00749nam a22002417a 4500 | ||
|---|---|---|---|
| 005 | 20240925095012.0 | ||
| 008 | 240925b |||||||| |||| 00| 0 eng d | ||
| 020 | _a9789359989006 | ||
| 040 |
_aIN-DiNC _cIN-DiNC |
||
| 041 | _deng | ||
| 082 |
_a030 _bRAJ |
||
| 100 |
_aRajan, Rajesh _eauthor |
||
| 245 |
_aPrelims possible- Indian history: _bIAS & state PCS 300+solved (chapterwise-topicwise 2023-1990)/ _cby Rajesh Rajan and Aditya Raj |
||
| 260 |
_aNew Delhi: _bArihant, _cn.a. |
||
| 300 | _a724p. | ||
| 650 | _aHistory of ancient India | ||
| 650 | _aHistory of medieval India | ||
| 650 | _aHistory of modern India | ||
| 650 | _aIndian National movement | ||
| 650 | _aArt and culture | ||
| 700 |
_aRaj, Aditya _eauthor |
||
| 942 |
_2ddc _cBK |
||
| 999 |
_c11986 _d11986 |
||